| 000 | 01187nam a2200289Ia 4500 | ||
|---|---|---|---|
| 003 | OSt | ||
| 005 | 20220105161642.0 | ||
| 008 | 210310s1979 mx fr 001 0 spa d | ||
| 020 | _a9682304156 | ||
| 040 |
_aCO-JMCR _cCO-JMCR |
||
| 041 | 1 |
_aspa _hpor |
|
| 082 | 0 | 4 |
_a330.1 / _bF992t _223 |
| 100 | 1 |
_aFurtado, Celso, _918182 _eautor |
|
| 245 | 1 | 0 |
_aTeoría y política del desarrollo económico / _cpor Celso Furtado ; [traducción de Francisco Olivera y Martí Soler] |
| 250 | _aOctava edición en español | ||
| 260 |
_aMéxico : _bSiglo XXI editores, _c1979. |
||
| 300 |
_avii, 301 páginas ; _c21 cm. |
||
| 490 | 0 | _aEconomía y demografía | |
| 500 | _aIncluye notas a pie de página e índices analítico y de nombres. | ||
| 505 | 0 | _aLa teoría del desarrollo en la ciencia económica -- El proceso de desarrollo: enfoque analítico -- El proceso de desarrollo: enfoque histórico -- El subdesarrollo -- Política de desarrollo | |
| 546 | _aTraducido del portugués. | ||
| 650 | 1 | 4 |
_aEconomía. _918184 _xTeorías. |
| 650 | 2 | 4 | _aDesarrollo económico. |
| 700 | 1 |
_aOlivera, Francisco, _etraductor _941845 |
|
| 700 | 1 |
_aSoler, Martí, _etraductor _941846 |
|
| 942 |
_2ddc _cBK |
||
| 999 |
_c8751 _d8751 |
||